00976nam a2200253 a 450000100060000000300080000600500170001400800410003103500140007204000420008604100080012808200250013611000490016124501620021026000750037230000230044749000420047050000570051250400400056965000270060965000400063683000110067683000350068720224BD-RjUL20211209000533.0140227s1955 nyu b 100 0 eng d a(BD-RjUL) aDLCcICUdXBMdOCLdYNGdBD-RjULbeng aeng00221a339.23bCOI 19552 aConference on Research in Income and Wealth.10aInput-output analysis :ban appraisal : a report of the National Bureau of Economic Research, New York /cby the Conference on Research in Income and Wealth. aPrinceton :bPrinceton University Press,cc1955 [second printing 1956] ax, 371 p. ;c24 cm1 aStudies in income and wealth ;vv. 18 aPapers delivered at the conference held in Oct. 1952 aIncludes bibliographical references 0aInput-output analysis  0aEconomics, MathematicalvCongresses 0vv. 18. 0aStudies in income and wealth ;